| 000 | 00782nam a2200229 a 4500 | ||
|---|---|---|---|
| 001 | 000028698 | ||
| 005 | 20250311111111.0 | ||
| 008 | 110411s2010 dr a 001 0 spa d | ||
| 040 |
_aDO-SdBNP _bspa _cBNPHU |
||
| 082 |
_a001.4 _bS232p |
||
| 100 | 1 |
_aSantana, Ramón, _d1949- _955687 |
|
| 245 | 1 | 0 |
_aPrincipio de investigación científica : _bun texto para delinear una investigación / _cRamón Santana. |
| 260 |
_aSanto Domingo : _bLino Graph, _c2010. |
||
| 300 |
_a208 P. : _bil. ; _c22 cm. |
||
| 504 | _aBibliografía: p.207. | ||
| 590 | _aInventariado,2018/DG | ||
| 650 | 0 |
_a Investigación _92 |
|
| 650 | 0 |
_a Ciencia - _xMetodología _93 |
|
| 650 | 4 |
_aProyectos de investigación _912 |
|
| 650 | 4 |
_aTeoría del conocimiento _913 |
|
| 910 | _aValidado. Control de calidad EMS. | ||
| 999 |
_c28190 _d28190 |
||